[Event "European Rapid 2022"]
[Site "Katowice POL"]
[Date "2022.12.18"]
[Round "11.100"]
[White "Dubnevych, Maksym"]
[Black "Cherniaiev, Tykhon"]
[Result "1-0"]
[BlackTitle "FM"]
[WhiteElo "2139"]
[BlackElo "2330"]
[WhiteFideId "14184001"]
[BlackFideId "14182360"]
[EventDate "2022.12.17"]

1. d4 Nf6 2. Nc3 d5 3. Bf4 a6 4. e3 e6 5. Nf3 c5 6. Ne5 Nc6 7. Be2 Bd6 8. Nxc6
bxc6 9. Bxd6 Qxd6 10. Na4 cxd4 11. exd4 O-O 12. O-O Nd7 13. c3 c5 14. dxc5 Nxc5
15. Nxc5 Qxc5 16. Qd4 Qc7 17. f4 Bb7 18. Rf3 f6 19. Re3 Rfe8 20. Bf3 Rad8 21.
Rae1 Qd6 22. c4 Kf8 23. c5 Qc6 24. b4 Bc8 25. g4 Re7 26. Bg2 Kg8 27. h4 Qc7 28.
g5 Rf7 29. h5 fxg5 30. fxg5 Rf4 31. Qe5 Qxe5 32. Rxe5 Rxb4 33. c6 Rc4 34. Bxd5
Rxd5 35. Rxd5 exd5 36. Re8+ Kf7 37. Rxc8 Rc2 38. Rc7+ Ke6 39. Rxg7 Rxc6 40. Rxh7
Rc4 41. g6 Rg4+ 42. Kf2 Rg5 43. Ke3 Kf6 44. Kd4 Rg2 45. Kxd5 Rd2+ 46. Ke4 Rxa2
47. Rf7+ Ke6 48. h6 Rg2 49. h7 Rxg6 50. Rf8 Rg4+ 51. Kd3 Rg3+ 52. Kc4 Rg4+ 53.
Kb3 Rg3+ 54. Ka4 Rg4+ 55. Ka5 Rg5+ 56. Kxa6 Rh5 57. h8=Q Rxh8 58. Rxh8 Kf6 59.
Re8 Kg6 60. Rf8 Kg7 61. Rf1 Kg6 62. Kb6 Kg5 63. Kc5 Kg4 64. Kd4 Kg3 65. Ke3 Kg2
66. Rf3 Kg1 67. Rf2 Kh1 68. Kf3 Kg1 69. Kg3 Kh1 70. Rf1# 1-0